| Tag |
First Indicator |
Second Indicator |
Subfields |
| LEADER |
00000pam a2200000 a 4500 |
| 001 |
in00000085717 |
| 005 |
20151008053252.0 |
| 008 |
800613s1981 nyua j 00010 engm |
| 010 |
|
|
|a 79009620
|
| 020 |
|
|
|a 0397319088 (pbk.) :
|c $4.95
|
| 020 |
|
|
|a 0397319061 :
|c $8.95
|
| 020 |
|
|
|a 039731907X (lib. bdg.) :
|c $8.89
|
| 035 |
|
|
|a (OCoLC)06485842
|
| 035 |
|
|
|9 AAH6863AM
|
| 040 |
|
|
|a DLC
|c DLC
|d m.c.
|d TXA
|d UtOrBLW
|
| 049 |
|
|
|a [Curr Col] TXAM
|c [1387721]
|
| 050 |
0 |
0 |
|a QP434
|b C56 1981
|
| 082 |
0 |
|
|a 612.8
|
| 100 |
1 |
|
|a Cobb, Vicki.
|
| 245 |
1 |
0 |
|a How to really fool yourself :
|b illusions for all your senses /
|c by Vicki Cobb ; illustrated by Leslie Morrill.
|
| 250 |
|
|
|a 1st ed.
|
| 264 |
|
1 |
|a New York :
|b Lippincott,
|c [1981]
|
| 264 |
|
4 |
|c ©1981
|
| 300 |
|
|
|a 145 pages :
|b illustrations ;
|c 21 cm.
|
| 336 |
|
|
|a text
|b txt
|2 rdacontent
|
| 337 |
|
|
|a unmediated
|b n
|2 rdamedia
|
| 338 |
|
|
|a volume
|b nc
|2 rdacarrier
|
| 520 |
|
|
|a Demonstrations accompanied by explanations illustrate how and why the senses can be fooled.
|
| 650 |
|
0 |
|a Senses and sensation
|v Juvenile literature.
|
| 650 |
|
0 |
|a Perception
|x Juvenile literature.
|
| 650 |
|
0 |
|a Optical illusions
|v Juvenile literature.
|
| 650 |
|
1 |
|a Senses and sensation.
|
| 650 |
|
1 |
|a Perception.
|
| 650 |
|
1 |
|a Optical illusions.
|
| 999 |
|
|
|a MARS
|
| 999 |
f |
f |
|s b33702a8-1356-335f-8c2f-9b1cd959821f
|i 3eebbefb-a8ec-3b6b-aec8-8c3cd7856a89
|t 0
|
| 952 |
f |
f |
|p ric
|a Texas A&M University
|b Rellis Campus
|c Joint Library Facility
|d Remote Storage
|t 0
|e QP434 C56 1981
|h Library of Congress classification
|i unmediated -- volume
|m A14805954073
|
| 998 |
f |
f |
|a QP434 C56 1981
|t 0
|l Remote Storage
|